Distribučná politika vybraného podniku bakalárska práca

Gespeichert in:
Bibliographische Detailangaben
1. Verfasser: Macháčová, Kristína
Körperschaft: Obchodná fakulta EU. Katedra marketingu
Weitere Verfasser: Jankovič, Michal, 1993-
Format: Buch
Sprache:Slowakisch
Veröffentlicht: Bratislava 2024
Tags: Tag hinzufügen
Keine Tags, Fügen Sie das erste Tag hinzu!

MARC

LEADER 00000nbm a2200000 4500
001 0302229
005 20241129145345.2
041 0 |a slo 
044 |a SK 
245 1 0 |a Distribučná politika vybraného podniku  |b bakalárska práca  |c Kristína Macháčová ; školiteľ: Michal Jankovič 
264 1 |a Bratislava  |c 2024 
300 |a 55 s. 
100 1 |a Macháčová, Kristína 
700 1 |a Jankovič, Michal, 1993- 
710 2 |a Obchodná fakulta EU. Katedra marketingu